000 01310nam a22003137a 4500
003 AUA.1
005 20150407163327.0
008 111216t xxu||||| |||| 00| 0 eng d
010 _a8171768
020 _a0785250131
040 _cFF
050 _aBS 491.2
_b.W67 2004
100 _aCraigie, Peter C.
_917849
245 _aWord Biblical commentary :
_bPsalms 1-50 /
_cPeter C. Craigie with 2004 supplement by Marvin E. Tate.
250 _a2nd ed.
260 _aNashville :
_bNelson Reference & Electronic,
_cc2004.
300 _a500 p.;
_c24 cm.
440 _aWord Biblical commentary:
_nv.19, second edition.
_948942
504 _aInclude bibliography and index
650 _vPsalms 1-50
_xBible
_yCommentaries
_917850
700 _aTate, Marvin E.
_917851
_e2004 supplement
700 _aMetzger, Bruce M.
_4General editor.
_948946
700 _aWatts, John D.W.
_4Old Testament ed.
_948943
700 _aWatts, James W.
_4Old Testament ed.
_948944
700 _aMartin, Ralph P.
_4New Testament ed.
_948945
700 _aLosie, Lynn Allen.
_4New Testament ed.
_948947
942 _2lcc
_cREF
_hBS 491.2
_i.W67 2004
999 _c13889
_d13889